LDR 00742naa#a2200193#i#450# 001 EN\\bibl\120436 005 20260416195947.4 011 ## _a2409-1073 100 ## _a20240620b2024####ek#y0engy0150####ca 102 ## _aRU 200 1# _aMoral foundations and value priorities of the modern Internet _eJournal article 210 1# _aMoscow _cNational Research University of Electronic Technology _d2024 215 ## _a0 с. 608 ## _aJournal article _2local 675 ## _aЭтика. Учение о морали. Практическая философия. 17 _aПрименения компьютерных сетей. 004.77 _z 700 #1 _aArakelyan _gMarina Aleksandrovna 700 #1 _aPopova _gElena A. 700 #1 _aBogdanova _gIrina S. 856 4# _aesgi-journal.ru _u